000 01105nam a22003257a 4500
003 CHAP
005 20220329134642.0
008 971013c19481949 r 00010 d
010 _a23638
011 _a24610
035 _a28709
040 _cCHAP
082 _a621.3
_bC47Y
100 0 0 _aChristie, Clarence Victor.
_922926
245 _aElectrónica general
260 _aBuenos Aires :
_bEdiar,
_c1948-1949
300 _a2 v
590 _aBATCH-UPD
_b10
_c20130110
_lUCH01
_h1624
590 _aBATCH-UPD
_b10
_c20130410
_lUCH01
_h1018
590 _aBATCH-UPD
_b10
_c20130914
_lUCH01
_h1012
590 _aCONVERSION
_b10
_c20130109
_lUCH01
_h1314
650 1 4 _aIngeniería eléctrica.
_958223
650 1 4 _aMaquinaria eléctrica.
_971211
901 _aBK
942 _cLIBRO
949 _a621.3 C47Y
_bBC
_cLIBRO
_d33724000015327
_eLIBRO
_fv.2
_h18570
_i28709
_si
949 _a621.3 C47Y
_bBC
_cLIBRO
_d33724000015335
_eLIBRO
_fv.1 c.2
_h18569
_i28709
_si
949 _a621.3 C47Y
_bBC
_cLIBRO
_d33724000015343
_eLIBRO
_fv.1
_h18568
_i28709
_si
949 _a621.3 C47Y
_bBC
_cLIBRO
_dD_C1DF
_eLIBRO
_fv.2 c.2
_h18571
_i28709
_si
999 _c23638
_d23638